Revitalizácia obytného areálu, centrum Senec
Guardado en:
| Autor principal: | |
|---|---|
| Otros Autores: | |
| Formato: | Manuscrito Libro |
| Lenguaje: | eslovaco |
| Publicado: |
2015
|
| Materias: | |
| Acceso en línea: | http://is.stuba.sk/zp/portal_zp.pl?podrobnosti=110657 https://opac.crzp.sk/?fn=detailBiblioForm&sid=E75B5E22D326BA6A9FAA97CFFF20 |
| Etiquetas: |
Sin Etiquetas, Sea el primero en etiquetar este registro!
|
MARC
| LEADER | 00000ntm a22000003a 4500 | ||
|---|---|---|---|
| 001 | stuzp52527 | ||
| 003 | SK-STU | ||
| 005 | 20231012112324.3 | ||
| 007 | ta | ||
| 008 | 150427s2015----xo-----f-mn---000-0-slo-d | ||
| 040 | |a STU |b slo | ||
| 041 | 0 | |a slo | |
| 100 | 1 | |a Fridrich, Ondrej |u 010160 |4 aut |U SvF Stavebná fakulta |T SvF Katedra vodného hospodárstva krajiny |X 68943 |U V160 |Y 16 |7 A000068943 | |
| 242 | 0 | 1 | |a Revitalization of residential complex, Senec - center |y eng |
| 245 | 1 | 0 | |a Revitalizácia obytného areálu, centrum Senec |
| 260 | |c 2015 | ||
| 650 | 4 | |a revitalizácia vnútrobloku |2 slo | |
| 650 | 4 | |a urbanisticko-krajinárska štúdia |2 slo | |
| 650 | 4 | |a obytný areál |2 slo | |
| 650 | 4 | |a Senec |2 slo | |
| 650 | 4 | |a Senec |2 eng | |
| 650 | 4 | |a revitalization of the courtyard |2 eng | |
| 650 | 4 | |a urban - Landscaping study |2 eng | |
| 650 | 4 | |a residential complex |2 eng | |
| 700 | 1 | |a Putrová, Eva |4 ths |X 452 |7 A000000452 | |
| 856 | 4 | |u http://is.stuba.sk/zp/portal_zp.pl?podrobnosti=110657 | |
| 856 | 4 | |u https://opac.crzp.sk/?fn=detailBiblioForm&sid=E75B5E22D326BA6A9FAA97CFFF20 | |
| SQL | |a stuzp52527 |b DDP |c SLO |d Revitalizácia obytného areálu, centrum Senec |e 68943 |f Fridrich, Ondrej |g 010160 |h 452 |i Putrová, Eva |j 20150618 |k 580 |l 01 |m http://is.stuba.sk/zp/portal_zp.pl?podrobnosti=110657 |n I-KKP |o 6.1.11. krajinárstvo | ||